[Event "4NCL 3 South pool C"]
[Site "Reading, ENG"]
[Date "2017.04.29"]
[Round "9.11"]
[White "Pickard, Charles"]
[Black "Summerscale, Aaron P"]
[Result "0-1"]
[WhiteElo "2215"]
[BlackElo "2399"]
[PlyCount "54"]
[EventDate "2017.04.29"]
[WhiteTeam "Leeds University Old Boys"]
[BlackTeam "Wood Green MM 1"]

1. Nf3 d5 2. c4 d4 3. b4 c5 4. e3 g6 5. bxc5 e5 6. exd4 exd4 7. d3 Bxc5 8. Nbd2
Ne7 9. Nb3 Na6 10. Be2 O-O 11. O-O Nc6 12. Nfd2 Bf5 13. Bf3 Bxd3 14. Ne4 Bxf1
15. Nexc5 Bxc4 16. Nxb7 Qd7 17. Ba3 Bd5 18. Bxf8 Rxf8 19. Rc1 Bxf3 20. Qxf3 Ne5
21. Qe4 d3 22. h3 Rb8 23. N7a5 Nb4 24. Qf4 Nxa2 25. Rf1 Nc3 26. Qe3 Nc4 27.
Nxc4 Rxb3 0-1

[Event "4NCL 3 South pool C"]
[Site "Reading, ENG"]
[Date "2017.04.29"]
[Round "9.12"]
[White "Bulmaga, Irina"]
[Black "Hall, John"]
[Result "1-0"]
[WhiteElo "2237"]
[BlackElo "2222"]
[PlyCount "145"]
[EventDate "2017.04.29"]
[WhiteTeam "Wood Green MM 1"]
[BlackTeam "Leeds University Old Boys"]

1. e4 c5 2. Be2 Nc6 3. f4 d6 4. Nf3 Nf6 5. d3 g6 6. O-O Bg7 7. c3 O-O 8. Kh1 e5
9. fxe5 dxe5 10. Bg5 h6 11. Be3 Qe7 12. Nbd2 Be6 13. Qe1 b6 14. Nh4 Bg4 15. Bd1
Bxd1 16. Rxd1 Rad8 17. Nc4 b5 18. Na3 a6 19. Nf3 Nb8 20. Qh4 h5 21. Bg5 Rd6 22.
d4 Nbd7 23. Rde1 Re6 24. dxe5 Rxe5 25. Nxe5 Qxe5 26. Nc2 Re8 27. Qf4 Qxf4 28.
Bxf4 Nxe4 29. Rd1 Ndf6 30. Kg1 Bf8 31. g3 Ng4 32. h3 Ngf6 33. Kg2 Kg7 34. h4
Ng4 35. Rd7 Nxc3 36. bxc3 Re2+ 37. Kg1 Rxc2 38. Bg5 Kg8 39. Rdxf7 Bd6 40. Rd7
Bxg3 41. Rd8+ Kg7 42. Rdf8 Nh6 43. R1f3 Nf5 44. Ra8 Rxa2 45. Rd3 Kf7 46. Rdd8
Bh2+ 47. Kf1 Bd6 48. Ra7+ Ke6 49. Rda8 a5 50. Rxa5 Ng3+ 51. Ke1 Rxa5 52. Rxa5
Ne4 53. Rxb5 Nxg5 54. hxg5 Kf5 55. Rb6 Be7 56. Rb7 Bd6 57. Rd7 Be5 58. Rd5 c4
59. Rc5 h4 60. Kf2 h3 61. Kf3 h2 62. Kg2 Kf4 63. Kxh2 Ke4+ 64. Kh3 Bxc3 65.
Rxc4+ Bd4 66. Kg4 Kd5 67. Ra4 Be5 68. Ra8 Ke6 69. Re8+ Kd6 70. Rg8 Ke7 71. Rxg6
Kf7 72. Kf5 Bg7 73. Rb6 1-0

[Event "4NCL 3 South pool C"]
[Site "Reading, ENG"]
[Date "2017.04.29"]
[Round "9.13"]
[White "McGann, Gary"]
[Black "Meszaros, Gyula"]
[Result "0-1"]
[WhiteElo "2109"]
[BlackElo "2280"]
[PlyCount "72"]
[EventDate "2017.04.29"]
[WhiteTeam "Leeds University Old Boys"]
[BlackTeam "Wood Green MM 1"]

1. d4 c5 2. c3 e6 3. Nf3 Nf6 4. e3 b6 5. Bd3 Bb7 6. O-O Be7 7. Nbd2 cxd4 8.
exd4 O-O 9. Re1 d6 10. Nf1 Nbd7 11. Ng3 Re8 12. Qe2 a6 13. Ng5 Bf8 14. Qc2 g6
15. Bd2 Bg7 16. Rad1 b5 17. h4 Nf8 18. h5 Rc8 19. N5e4 Nxe4 20. Nxe4 Bxe4 21.
Rxe4 d5 22. Rg4 f5 23. Rg3 Bxd4 24. hxg6 hxg6 25. Bh6 Be5 26. f4 Qb6+ 27. Kh2
Bg7 28. Bxg7 Kxg7 29. Rh3 Nd7 30. Re1 Nf6 31. Qe2 Ng4+ 32. Kg3 e5 33. fxe5 Rxe5
34. Qd2 Rxe1 35. Qxe1 Qb8+ 36. Kh4 Kf6 0-1

[Event "4NCL 3 South pool C"]
[Site "Reading, ENG"]
[Date "2017.04.29"]
[Round "9.14"]
[White "Srebrnic, Ana"]
[Black "Taylor, Mark V"]
[Result "1-0"]
[WhiteElo "2189"]
[BlackElo "2000"]
[Annotator "Alan"]
[PlyCount "53"]
[EventDate "2017.04.29"]
[WhiteTeam "Wood Green MM 1"]
[BlackTeam "Leeds University Old Boys"]

1. Nf3 e6 2. c4 c5 3. g3 b6 4. Bg2 Bb7 5. O-O Nf6 6. Nc3 Be7 7. b3 O-O 8. Bb2
a6 9. e3 d6 10. Ne1 Bxg2 11. Nxg2 Nbd7 12. Qe2 Qc7 13. f4 Qc6 14. f5 d5 15.
fxe6 fxe6 16. Rae1 b5 17. e4 d4 18. e5 dxc3 19. exf6 Bxf6 20. Bxc3 Bxc3 21.
dxc3 e5 22. Rd1 e4 23. Nf4 Rae8 24. Nd5 Nf6 25. Ne3 h6 26. Rd2 Nh7 27. Rxf8+ {
time} 1-0

[Event "4NCL 3 South pool C"]
[Site "Reading, ENG"]
[Date "2017.04.29"]
[Round "9.15"]
[White "Bourne, Iain"]
[Black "Sygnowski, Tomasz"]
[Result "0-1"]
[WhiteElo "1997"]
[BlackElo "2125"]
[Annotator "Alan"]
[PlyCount "65"]
[EventDate "2017.04.29"]
[WhiteTeam "Leeds University Old Boys"]
[BlackTeam "Wood Green MM 1"]

1. d4 Nf6 2. c4 e6 3. Nc3 d5 4. cxd5 exd5 5. Bg5 Be7 6. Qc2 O-O 7. e3 Nbd7 8.
Bd3 Re8 9. Nge2 Nf8 10. O-O Be6 11. Rab1 Nh5 12. Bxe7 Qxe7 13. b4 Rad8 14. Na4
Rd6 15. Rfc1 c6 16. b5 Nf6 17. Ng3 Ng4 18. bxc6 Qh4 19. Nf1 bxc6 20. f3 Nh6 21.
Qc5 Qe7 22. Rb3 Bf5 23. Ba6 Nd7 24. Qa3 Bg6 25. Rb7 Nf5 26. Rc3 Qg5 27. Rb2
Rde6 28. f4 Qf6 29. Rb7 c5 30. Rxd7 Rxa6 31. Rxd5 cxd4 32. exd4 Nxd4 33. Re3 {
scoresheets do not agree} 0-1

[Event "4NCL 3 South pool C"]
[Site "Reading, ENG"]
[Date "2017.04.29"]
[Round "9.16"]
[White "Manelidou, Maria"]
[Black "Harvey, John"]
[Result "1-0"]
[WhiteElo "2109"]
[BlackElo "1727"]
[PlyCount "85"]
[EventDate "2017.04.29"]
[WhiteTeam "Wood Green MM 1"]
[BlackTeam "Leeds University Old Boys"]

1. e4 e6 2. d4 d5 3. Nd2 dxe4 4. Nxe4 Nd7 5. Nf3 Ngf6 6. Nxf6+ Nxf6 7. Bd3 c5
8. O-O cxd4 9. Nxd4 Be7 10. c3 O-O 11. Bg5 Nd5 12. Bxe7 Qxe7 13. Re1 b6 14.
Bxh7+ Kxh7 15. Qh5+ Kg8 16. Qxd5 Bb7 17. Qh5 Rad8 18. Re3 g6 19. Qe5 Qd6 20.
Qf6 Qd5 21. f3 Rd6 22. Re4 e5 23. Qxe5 Qxe5 24. Rxe5 Rfd8 25. Kf2 Kg7 26. Rae1
Kf6 27. g4 a6 28. h4 b5 29. a3 Bd5 30. g5+ Kg7 31. h5 R6d7 32. h6+ Kh7 33. f4
Bc4 34. Re8 Rxe8 35. Rxe8 a5 36. Re5 Kg8 37. b3 Bd5 38. Re8+ Kh7 39. Rb8 b4 40.
axb4 Bxb3 41. Nxb3 a4 42. Nc5 Ra7 43. Rb5 1-0

[Event "4NCL 3 South pool C"]
[Site "Reading, ENG"]
[Date "2017.04.29"]
[Round "9.21"]
[White "Rutter, Nick J"]
[Black "Gill, Oliver"]
[Result "1/2-1/2"]
[WhiteElo "2140"]
[BlackElo "2134"]
[PlyCount "86"]
[EventDate "2017.04.29"]
[WhiteTeam "Shropshire 1"]
[BlackTeam "Wessex"]

1. e4 e5 2. Nf3 Nf6 3. Nxe5 d6 4. Nf3 Nxe4 5. Nc3 Nxc3 6. dxc3 Be7 7. Be3 O-O
8. Qd2 Qe8 9. O-O-O Qa4 10. Kb1 Be6 11. b3 Qa5 12. h4 Nc6 13. Bg5 Rfe8 14. Bxe7
Rxe7 15. Bd3 Rae8 16. Ng5 h6 17. Nxe6 Rxe6 18. g4 d5 19. g5 d4 20. cxd4 Qxd2
21. Rxd2 Nxd4 22. g6 Re1+ 23. Rd1 Rxh1 24. Rxh1 f6 25. Rd1 Kf8 26. Bc4 Rd8 27.
Kb2 Nc6 28. Rxd8+ Nxd8 29. f4 Ke7 30. Kc3 Kd6 31. Kd3 Nc6 32. Ke4 Ne7 33. h5
Kc5 34. c3 a5 35. Bf7 b5 36. a3 b4 37. cxb4+ axb4 38. a4 Nc6 39. Bc4 Na5 40.
Be6 Nc6 41. Bf7 Kd6 42. Bc4 Kc5 43. Bf7 Kd6 1/2-1/2

[Event "4NCL 3 South pool C"]
[Site "Reading, ENG"]
[Date "2017.04.29"]
[Round "9.22"]
[White "McDougall, William M"]
[Black "Whyte, Brian G"]
[Result "1/2-1/2"]
[WhiteElo "2045"]
[BlackElo "2065"]
[PlyCount "133"]
[EventDate "2017.04.29"]
[WhiteTeam "Wessex"]
[BlackTeam "Shropshire 1"]

1. d4 Nf6 2. Nf3 d5 3. c4 e6 4. g3 c5 5. cxd5 exd5 6. Bg2 Nc6 7. O-O Be7 8. Nc3
O-O 9. dxc5 Bxc5 10. Na4 Be7 11. Be3 Re8 12. h3 Bf5 13. Nd4 Be4 14. Nxc6 bxc6
15. Rc1 Bd6 16. Bg5 Bxg2 17. Kxg2 Rc8 18. e3 h6 19. Bxf6 Qxf6 20. Qd3 h5 21. h4
Qe6 22. Rfd1 Qe7 23. Rc2 g5 24. Rh1 g4 25. Qf5 Qe4+ 26. Qxe4 Rxe4 27. Nc3 Rc4
28. b3 Rc5 29. Rhc1 Kg7 30. Ne2 Rxc2 31. Rxc2 Be5 32. Rd2 f5 33. Nd4 Kf6 34. b4
Bxd4 35. exd4 Re8 36. Rc2 Re6 37. Rc5 f4 38. gxf4 Kf5 39. b5 cxb5 40. Rxd5+
Kxf4 41. Rxb5 Re2 42. Rxh5 g3 43. Ra5 Rxf2+ 44. Kg1 Kg4 45. h5 Rd2 46. h6 Rxd4
47. Ra4 Rxa4 48. h7 Rxa2 49. h8=Q Rf2 50. Qg7+ Kf3 51. Qb7+ Kg4 52. Qxa7 Kf3
53. Qf7+ Kg4 54. Qg6+ Kf4 55. Qd6+ Kg4 56. Qd4+ Kh3 57. Qg7 Rg2+ 58. Kf1 Rf2+
59. Ke1 Kh2 60. Qh6+ Kg2 61. Qh5 Rf1+ 62. Ke2 Kg1 63. Qh3 g2 64. Qh4 Rf7 65.
Qe1+ Kh2 66. Qh4+ Kg1 67. Ke1 1/2-1/2

[Event "4NCL 3 South pool C"]
[Site "Reading, ENG"]
[Date "2017.04.29"]
[Round "9.23"]
[White "Bryant, Richard B E"]
[Black "Pleasants, Allan J"]
[Result "0-1"]
[WhiteElo "2072"]
[BlackElo "1982"]
[PlyCount "142"]
[EventDate "2017.04.29"]
[WhiteTeam "Shropshire 1"]
[BlackTeam "Wessex"]

1. e4 d6 2. d4 g6 3. Nc3 Bg7 4. Be3 Nc6 5. Be2 Nf6 6. f4 O-O 7. Nf3 e5 8. fxe5
dxe5 9. d5 Nd4 10. Nxd4 exd4 11. Bxd4 Re8 12. O-O Qe7 13. Bf3 Nd7 14. Bxg7 Kxg7
15. d6 cxd6 16. Nd5 Qd8 17. Qd4+ Ne5 18. Be2 Be6 19. Nf6 Re7 20. Rf2 Qc7 21. c3
Qc5 22. Qd2 Nd7 23. Nd5 Bxd5 24. exd5 Rae8 25. Bf3 Ne5 26. Qd4 Qxd4 27. cxd4
Nd3 28. Rff1 Nxb2 29. h3 Nc4 30. Rf2 b5 31. Rc2 Re1+ 32. Rxe1 Rxe1+ 33. Kf2 Rb1
34. Be2 Nb6 35. Rc6 Nxd5 36. Bf3 Rb2+ 37. Kg3 Ne3 38. Ra6 Nf5+ 39. Kh2 Nxd4 40.
Bd5 Ne6 41. Rxa7 Kf6 42. Kg3 Rd2 43. Bb3 Rd4 44. Kf2 d5 45. Rd7 Nc5 46. Rd8
Nxb3 47. axb3 Ke7 48. Rc8 Rd2+ 49. Kf1 Rd3 50. Rc5 Rxb3 51. Rxd5 Rb2 52. Rd3 h5
53. Re3+ Kf6 54. Rf3+ Kg7 55. h4 f6 56. g3 b4 57. Rd3 Kf7 58. Rd6 Rb3 59. Kg2
Rc3 60. Rb6 b3 61. Kf2 Ke7 62. Kg2 Kd7 63. Rxf6 Rc6 64. Rf1 b2 65. Rb1 Rb6 66.
Kf3 Rb4 67. Ke3 Ke6 68. Ke2 Kf5 69. Kf2 Kg4 70. Kg2 Rb3 71. Kh2 Kf3 0-1

[Event "4NCL 3 South pool C"]
[Site "Reading, ENG"]
[Date "2017.04.29"]
[Round "9.24"]
[White "Simons, Martin J"]
[Black "Ellemann, Stefan"]
[Result "1-0"]
[WhiteElo "2036"]
[BlackElo "2012"]
[PlyCount "65"]
[EventDate "2017.04.29"]
[WhiteTeam "Wessex"]
[BlackTeam "Shropshire 1"]

1. e4 c6 2. Nc3 d5 3. Nf3 Nf6 4. e5 Ne4 5. d3 Nxc3 6. bxc3 Bg4 7. Bf4 Qa5 8.
Qd2 Bxf3 9. gxf3 e6 10. d4 Qa3 11. Be2 b5 12. O-O Nd7 13. Rfb1 Nb6 14. Rb3 Qa5
15. Qe1 a6 16. Bd2 Qa4 17. Bc1 Be7 18. Qf1 Qa5 19. Qg2 Kd7 20. Kh1 Rag8 21. f4
g6 22. Qf3 Na4 23. Ba3 Qd8 24. Bxe7 Qxe7 25. c4 Kc7 26. cxd5 cxd5 27. c4 dxc4
28. Bxc4 Nb6 29. Rc1 bxc4 30. Rxc4+ Nxc4 31. Rb7+ Kd8 32. Rb8+ Kd7 33. Qb7# 1-0

[Event "4NCL 3 South pool C"]
[Site "Reading, ENG"]
[Date "2017.04.29"]
[Round "9.25"]
[White "Paul, Nathanael"]
[Black "Gregory, Keith D F"]
[Result "1/2-1/2"]
[WhiteElo "2012"]
[BlackElo "1998"]
[PlyCount "66"]
[EventDate "2017.04.29"]
[WhiteTeam "Shropshire 1"]
[BlackTeam "Wessex"]

1. e4 d6 2. a4 Nf6 3. Nc3 Nbd7 4. g4 h6 5. h3 e5 6. Nge2 c6 7. d4 Be7 8. Be3
Nf8 9. Bg2 Ng6 10. Qd2 Nh4 11. Rg1 Nxg2+ 12. Rxg2 Nh7 13. O-O-O Ng5 14. Rg3 Ne6
15. f4 exf4 16. Nxf4 Nxf4 17. Bxf4 Bg5 18. Kb1 O-O 19. Rf3 d5 20. Rdf1 Be6 21.
exd5 cxd5 22. Ne2 Rc8 23. Be3 f6 24. Nf4 Bf7 25. Nd3 Rc4 26. Bxg5 hxg5 27. Qf2
Bg6 28. h4 Qb6 29. hxg5 Rxa4 30. gxf6 Qa6 31. Kc1 Ra1+ 32. Kd2 Rxf1 33. Qxf1
Rxf6 1/2-1/2

[Event "4NCL 3 South pool C"]
[Site "Reading, ENG"]
[Date "2017.04.29"]
[Round "9.26"]
[White "Adaway, William"]
[Black "Jamieson, Ian"]
[Result "0-1"]
[WhiteElo "1897"]
[BlackElo "1967"]
[PlyCount "66"]
[EventDate "2017.04.29"]
[WhiteTeam "Wessex"]
[BlackTeam "Shropshire 1"]

1. Nf3 e6 2. g3 b5 3. Bg2 Bb7 4. O-O Nf6 5. d3 c5 6. a4 a6 7. axb5 axb5 8. Rxa8
Bxa8 9. c4 bxc4 10. dxc4 Be7 11. Nc3 O-O 12. Bf4 Qb6 13. Nb5 Bc6 14. Bd6 Bxd6
15. Qxd6 Ne8 16. Qd2 Bxb5 17. cxb5 d5 18. b4 c4 19. Nd4 Nd6 20. Ra1 Nxb5 21.
Nxb5 Qxb5 22. Ra5 Qb6 23. b5 Rc8 24. Qc3 d4 25. Qa3 c3 26. Bc6 Nxc6 27. bxc6
Qxc6 28. Ra6 Qe8 29. Qc1 e5 30. Ra3 Qc6 31. f3 c2 32. Kf2 Qc5 33. Rd3 Rb8 0-1

[Event "4NCL 3 South pool C"]
[Site "Reading, ENG"]
[Date "2017.04.29"]
[Round "9.31"]
[White "Moloney, Nicholas R"]
[Black "Swanson, Stephen"]
[Result "1/2-1/2"]
[WhiteElo "2181"]
[BlackElo "2171"]
[PlyCount "49"]
[EventDate "2017.04.29"]
[WhiteTeam "Fermented Sharks"]
[BlackTeam "Poisoned Pawns 1"]

1. d4 d6 2. c4 e5 3. Nf3 Nd7 4. Nc3 g6 5. g3 Bg7 6. Bg2 Ne7 7. O-O O-O 8. e4 h6
9. dxe5 dxe5 10. b3 Re8 11. Ba3 Nc6 12. Rc1 a6 13. Nd5 Nf8 14. h3 Ne6 15. Bb2
Bd7 16. Kh2 a5 17. a3 Kh7 18. Qc2 Ncd4 19. Nxd4 Nxd4 20. Bxd4 exd4 21. Nf4 Bc6
22. Nd5 Bd7 23. Nf4 Bc6 24. Nd5 Bd7 25. Nf4 1/2-1/2

[Event "4NCL 3 South pool C"]
[Site "Reading, ENG"]
[Date "2017.04.29"]
[Round "9.32"]
[White "Clark, Kevin R"]
[Black "Farkas, Daniel"]
[Result "1-0"]
[WhiteElo "2148"]
[BlackElo "2099"]
[PlyCount "107"]
[EventDate "2017.04.29"]
[WhiteTeam "Poisoned Pawns 1"]
[BlackTeam "Fermented Sharks"]

1. e4 c6 2. d4 d5 3. e5 c5 4. c3 Nc6 5. Nf3 Bg4 6. Be2 e6 7. Nbd2 Qb6 8. Qa4
cxd4 9. Nxd4 Bxe2 10. Kxe2 Bc5 11. N2b3 Bxd4 12. cxd4 Nge7 13. Be3 O-O 14. Rac1
Nf5 15. Rc5 a6 16. Rhc1 Rac8 17. R5c2 Rc7 18. g4 Nfe7 19. Bd2 Qa7 20. Bb4 Rcc8
21. Bxe7 b5 22. Qa3 Nxe7 23. Qd6 Rc4 24. Rxc4 dxc4 25. Nc5 Nd5 26. b3 c3 27. a3
Re8 28. Qxa6 Qxa6 29. Nxa6 Ra8 30. Nb4 Nxb4 31. axb4 Ra2+ 32. Ke3 c2 33. Kd2
Ra3 34. Kxc2 h5 35. Kb2 Ra7 36. Rc8+ Kh7 37. gxh5 Rd7 38. Kc3 Kh6 39. Rh8+ Kg5
40. Rh7 g6 41. h4+ Kf5 42. Kd3 g5 43. hxg5 Kxg5 44. Rh8 Rb7 45. Ke4 Rc7 46. f4+
Kg4 47. h6 Kh5 48. d5 exd5+ 49. Kxd5 Rc3 50. h7 Kh6 51. Rf8 Kxh7 52. Rxf7+ Kg6
53. Rf6+ Kg7 54. Rb6 1-0

[Event "4NCL 3 South pool C"]
[Site "Reading, ENG"]
[Date "2017.04.29"]
[Round "9.33"]
[White "Okhai, Shabir"]
[Black "Byway, Paul V"]
[Result "1/2-1/2"]
[WhiteElo "2114"]
[BlackElo "2075"]
[PlyCount "56"]
[EventDate "2017.04.29"]
[WhiteTeam "Fermented Sharks"]
[BlackTeam "Poisoned Pawns 1"]

1. e4 c5 2. Nf3 e6 3. d4 cxd4 4. Nxd4 Nf6 5. Nc3 Nc6 6. a3 d6 7. Be2 Be7 8. Be3
O-O 9. O-O e5 10. Nb3 Be6 11. Bf3 a5 12. Nd5 a4 13. Bb6 Qd7 14. Nd2 Bxd5 15.
exd5 Nb8 16. c4 Na6 17. b4 axb3 18. Qxb3 Rfc8 19. Rfb1 Bd8 20. Be3 Ba5 21. Qxb7
Qxb7 22. Rxb7 Bxd2 23. Bxd2 Rxc4 24. Be3 Nc5 25. Rb6 e4 26. Be2 Nxd5 27. Rxd6
Nxe3 28. fxe3 Rc3 1/2-1/2

[Event "4NCL 3 South pool C"]
[Site "Reading, ENG"]
[Date "2017.04.29"]
[Round "9.34"]
[White "Davison, Chris"]
[Black "Agnew, Alan"]
[Result "1/2-1/2"]
[WhiteElo "2055"]
[BlackElo "2119"]
[PlyCount "90"]
[EventDate "2017.04.29"]
[WhiteTeam "Poisoned Pawns 1"]
[BlackTeam "Fermented Sharks"]

1. e4 g6 2. d4 Bg7 3. Nf3 d6 4. Be3 c5 5. c3 cxd4 6. cxd4 Nf6 7. Nc3 O-O 8. Be2
d5 9. e5 Ne8 10. O-O Nc6 11. Rc1 Nc7 12. Qd2 Bg4 13. Ne1 Bxe2 14. Nxe2 Ne6 15.
Nd3 Qb6 16. Rfd1 Rfc8 17. b4 a5 18. b5 Qxb5 19. Nc3 Qa6 20. Nxd5 Rd8 21. Nc5
Nxc5 22. Rxc5 b6 23. Rxc6 Rxd5 24. Qc2 Rad8 25. Rc1 f6 26. Rb1 fxe5 27. Rcxb6
Qc8 28. Qxc8 Rxc8 29. dxe5 Bxe5 30. g3 Bd6 31. R6b5 Rxb5 32. Rxb5 a4 33. Rd5
Rc2 34. Rd2 Rxd2 35. Bxd2 Kf7 36. Kf1 Ke6 37. Ke2 Kd5 38. Kd3 h5 39. h3 e6 40.
g4 hxg4 41. hxg4 Bc5 42. f3 Bd6 43. Be3 Be7 44. Bc1 Bc5 45. Bd2 Bd6 1/2-1/2

[Event "4NCL 3 South pool C"]
[Site "Reading, ENG"]
[Date "2017.04.29"]
[Round "9.35"]
[White "Niccoli, Tony"]
[Black "Kemp, Paul R"]
[Result "1/2-1/2"]
[WhiteElo "2037"]
[BlackElo "2074"]
[PlyCount "59"]
[EventDate "2017.04.29"]
[WhiteTeam "Fermented Sharks"]
[BlackTeam "Poisoned Pawns 1"]

1. e4 c6 2. d4 d5 3. Nc3 dxe4 4. Nxe4 Bf5 5. Ng3 Bg6 6. Bc4 e6 7. N1e2 Bd6 8.
Nf4 Qh4 9. Ngh5 Bxh5 10. Qxh5 Qxh5 11. Nxh5 Kf8 12. O-O Nd7 13. Nf4 Ngf6 14.
Nd3 c5 15. dxc5 Nxc5 16. Bd2 Nce4 17. Be1 Rc8 18. Bb3 Nd7 19. Rd1 Ke7 20. c3
Rhd8 21. f3 Nec5 22. Bh4+ f6 23. Bc2 Nxd3 24. Bxd3 Ne5 25. Be2 Nc4 26. Bxc4
Rxc4 27. Bf2 b5 28. Rd4 Rxd4 29. Bxd4 b4 30. Re1 1/2-1/2

[Event "4NCL 3 South pool C"]
[Site "Reading, ENG"]
[Date "2017.04.29"]
[Round "9.36"]
[White "Rosen, Daniel B"]
[Black "George, Matthew P"]
[Result "1-0"]
[WhiteElo "2047"]
[BlackElo "2027"]
[PlyCount "147"]
[EventDate "2017.04.29"]
[WhiteTeam "Poisoned Pawns 1"]
[BlackTeam "Fermented Sharks"]

1. e4 c5 2. Nc3 Nc6 3. f4 g6 4. Nf3 Bg7 5. Bc4 e6 6. O-O Nge7 7. d3 d5 8. Bb5
O-O 9. Bxc6 Nxc6 10. Qe1 Nd4 11. Nxd4 cxd4 12. Nd1 dxe4 13. dxe4 b6 14. Qg3 Qc7
15. c3 Ba6 16. Re1 Rfd8 17. cxd4 Bxd4+ 18. Be3 Qc2 19. Bxd4 Rxd4 20. Qc3 Rd2
21. Qxc2 Rxc2 22. Rb1 Rac8 23. Ne3 Rd2 24. Red1 Re2 25. Re1 Bd3 26. Rxe2 Bxb1
27. e5 Bxa2 28. Ng4 Bb3 29. Nf6+ Kg7 30. Re3 Rc1+ 31. Kf2 Rc2+ 32. Re2 Rxe2+
33. Kxe2 Bd5 34. g4 Bc6 35. g5 h6 36. gxh6+ Kxh6 37. h4 Kg7 38. Kd3 Kf8 39. Kc4
Ke7 40. b4 a6 41. Nh7 Be8 42. Nf6 Bb5+ 43. Kc3 Bc6 44. Nh7 Bf3 45. Ng5 Bd5 46.
Nh7 a5 47. Nf6 a4 48. Kb2 b5 49. Ka3 Kf8 50. Kb2 Kg7 51. Ka3 Bf3 52. Ne8+ Kh6
53. Nd6 Be2 54. Nxf7+ Kh5 55. Ng5 Bc4 56. Ne4 Kg4 57. Nd6 Bd3 58. Nf7 Kxf4 59.
Kb2 Kg4 60. Kc3 Bc4 61. Nh8 Kh5 62. Kb2 Bd3 63. Kc3 Bf5 64. Nf7 Kxh4 65. Nd6 g5
66. Nxf5+ exf5 67. e6 f4 68. e7 f3 69. e8=Q g4 70. Qe1+ Kh3 71. Qf2 g3 72. Qxf3
Kh2 73. Qh5+ Kg1 74. Qxb5 1-0

[Event "4NCL 3 South pool C"]
[Site "Reading, ENG"]
[Date "2017.04.29"]
[Round "9.41"]
[White "Gallagher, Daniel GH"]
[Black "Tippleston, Charles E"]
[Result "1-0"]
[WhiteElo "2230"]
[BlackElo "2097"]
[PlyCount "145"]
[EventDate "2017.04.29"]
[WhiteTeam "Anglian Avengers 2"]
[BlackTeam "MK Phoenix 1"]

1. e4 c5 2. Nf3 e6 3. d4 cxd4 4. Nxd4 Nf6 5. Nc3 d6 6. g3 Be7 7. Bg2 O-O 8. O-O
Nc6 9. Nxc6 bxc6 10. e5 Nd5 11. exd6 Qxd6 12. Ne4 Qc7 13. c4 Nf6 14. Qe2 Bb7
15. Bf4 e5 16. Nxf6+ Bxf6 17. Be3 Rfe8 18. Be4 g6 19. Rad1 Bg7 20. g4 a5 21.
Rd2 Rad8 22. Rfd1 Rxd2 23. Qxd2 Bc8 24. Qd6 Qxd6 25. Rxd6 Bf8 26. Bxc6 Bxd6 27.
Bxe8 Bxg4 28. Bb6 Bb4 29. a3 Bd2 30. Bc5 Be2 31. b4 axb4 32. axb4 Bxc4 33. Bc6
f5 34. b5 Kf7 35. b6 Ba6 36. b7 Bxb7 37. Bxb7 Kf6 38. Kg2 Bc3 39. Bd5 e4 40.
Bd6 Bd4 41. Kf1 e3 42. f3 Be5 43. Bc5 f4 44. Ke2 g5 45. h3 h6 46. Bc4 Kg6 47.
Bf8 Bf6 48. Bd3+ Kh5 49. Bf5 Bd8 50. Bd7 Kg6 51. Be8+ Kh7 52. Kd3 Ba5 53. Bb5
Kg6 54. Ke4 h5 55. Be8+ Kf6 56. Kd3 h4 57. Bb5 Be1 58. Ke4 Ba5 59. Bc5 Bd2 60.
Bd4+ Kg6 61. Bd3 Ba5 62. Ke5+ Kh6 63. Kf5 Bd8 64. Bc5 Kg7 65. Bd4+ Kf8 66. Bc4
Be7 67. Kg6 Ke8 68. Be2 Kd7 69. Bf6 Bd6 70. Bxg5 Ke8 71. Bxh4 Kf8 72. Bg5 Kg8
73. Bh6 1-0

[Event "4NCL 3 South pool C"]
[Site "Reading, ENG"]
[Date "2017.04.29"]
[Round "9.42"]
[White "Fraser-Mitchell, Jeremy N"]
[Black "Tozer, Philip A A"]
[Result "1-0"]
[WhiteElo "2078"]
[BlackElo "2158"]
[PlyCount "107"]
[EventDate "2017.04.29"]
[WhiteTeam "MK Phoenix 1"]
[BlackTeam "Anglian Avengers 2"]

1. d4 e6 2. e4 d5 3. Be3 dxe4 4. Nd2 Nf6 5. f3 Nd5 6. Qe2 Nc6 7. c3 exf3 8.
Ngxf3 Be7 9. O-O-O Bf6 10. g4 h6 11. h4 b6 12. Bg2 Bb7 13. g5 Nxe3 14. Qxe3 Be7
15. Ne5 Nxe5 16. Bxb7 Rb8 17. Qxe5 Rxb7 18. Qxg7 Rf8 19. Qxh6 Qd5 20. Kb1 Qf5+
21. Kc1 Qd5 22. Kb1 Qf5+ 23. Ka1 Qg6 24. Qxg6 fxg6 25. Rdf1 c5 26. dxc5 Bxc5
27. Ne4 Be7 28. Kb1 Rf5 29. Ng3 Rf7 30. Rxf7 Kxf7 31. Rf1+ Kg7 32. Kc2 Rd7 33.
Rd1 Rxd1 34. Kxd1 Kf7 35. Ke2 e5 36. Kf3 Ke6 37. c4 a6 38. Kg4 b5 39. cxb5 axb5
40. h5 gxh5+ 41. Nxh5 Kd5 42. g6 Bf8 43. Kf5 Kd4 44. Nf6 Bh6 45. Ne4 b4 46. a4
bxa3 47. bxa3 Bg7 48. a4 Kc4 49. Nf6 Kb4 50. Kxe5 Kxa4 51. Ke6 Kb3 52. Kf7 Bh8
53. Nh5 Ka2 54. Ng7 1-0

[Event "4NCL 3 South pool C"]
[Site "Reading, ENG"]
[Date "2017.04.29"]
[Round "9.43"]
[White "Moore, Graham J"]
[Black "Habershon, Paul F"]
[Result "1-0"]
[WhiteElo "2088"]
[BlackElo "2031"]
[PlyCount "129"]
[EventDate "2017.04.29"]
[WhiteTeam "Anglian Avengers 2"]
[BlackTeam "MK Phoenix 1"]

1. e4 Nf6 2. e5 Nd5 3. d4 d6 4. Nf3 Bg4 5. Be2 c6 6. Ng5 Bf5 7. Bg4 Qd7 8. Qf3
e6 9. Bxf5 exf5 10. O-O Na6 11. c4 Ndc7 12. exd6 Bxd6 13. Re1+ Kf8 14. Bd2 f6
15. Nh3 Kf7 16. Qb3 Be7 17. Bc3 Ne6 18. Nd2 Rhe8 19. Nf3 Nac7 20. Rad1 Kg8 21.
Qc2 g6 22. Qd2 Rad8 23. Nf4 Kg7 24. Nd3 Bd6 25. b3 Qf7 26. Nh4 Ng5 27. f3 Kg8
28. Rxe8+ Rxe8 29. Re1 Rxe1+ 30. Qxe1 Qe6 31. Qxe6+ Ngxe6 32. g3 Kf7 33. Kf2
Ng7 34. Ng2 Nce6 35. a4 Ng5 36. Ngf4 N5e6 37. Ne2 Nc7 38. Bd2 Nge6 39. Be3 a6
40. Nc3 Nf8 41. Bf4 Bxf4 42. Nxf4 Nfe6 43. Nfe2 a5 44. Ke3 Ke7 45. Kd3 Na6 46.
Na2 Ng5 47. Ke3 Ne6 48. f4 Nec7 49. Nec3 Ke6 50. Kd3 Kd6 51. c5+ Kd7 52. Kc4
Ne6 53. Ne2 Nec7 54. Nec3 Ne6 55. Nc1 Nb4 56. d5 cxd5+ 57. Nxd5 Nxd5 58. Kxd5
Nc7+ 59. Kc4 Kc6 60. Ne2 Kd7 61. Nd4 Kc8 62. Nb5 Na6 63. Nd6+ Kc7 64. Kb5 Nb4
65. Ne8+ 1-0

[Event "4NCL 3 South pool C"]
[Site "Reading, ENG"]
[Date "2017.04.29"]
[Round "9.44"]
[White "Freeman, Richard C P"]
[Black "Wallis, Ian J"]
[Result "1/2-1/2"]
[WhiteElo "2004"]
[BlackElo "2110"]
[PlyCount "43"]
[EventDate "2017.04.29"]
[WhiteTeam "MK Phoenix 1"]
[BlackTeam "Anglian Avengers 2"]

1. d4 Nf6 2. Bg5 Ne4 3. Bh4 d5 4. f3 Nf6 5. Nc3 e6 6. e4 Be7 7. Bf2 O-O 8. Bd3
c5 9. exd5 exd5 10. dxc5 Nbd7 11. Nge2 Nxc5 12. O-O Be6 13. Nd4 a6 14. Nce2 Bd7
15. Ng3 g6 16. Re1 Bd6 17. Qd2 Nxd3 18. Qxd3 Re8 19. Qd2 Rxe1+ 20. Rxe1 Qf8 21.
c3 Re8 22. Rxe8 1/2-1/2

[Event "4NCL 3 South pool C"]
[Site "Reading, ENG"]
[Date "2017.04.29"]
[Round "9.45"]
[White "Peck, Silas"]
[Black "Elwin, Adrian G"]
[Result "1-0"]
[WhiteElo "2095"]
[BlackElo "2004"]
[PlyCount "99"]
[EventDate "2017.04.29"]
[WhiteTeam "Anglian Avengers 2"]
[BlackTeam "MK Phoenix 1"]

1. e4 c6 2. d4 d5 3. e5 Bf5 4. Nf3 e6 5. Be2 Ne7 6. O-O Nd7 7. Nbd2 c5 8. c4
dxc4 9. Nxc4 Nd5 10. Bg5 f6 11. exf6 gxf6 12. Bh4 Be7 13. dxc5 Bxc5 14. Nd4 Ne7
15. Bh5+ Kf8 16. g4 Bxd4 17. Qxd4 Bg6 18. Bxf6 Rg8 19. Bxg6 Rxg6 20. Bh4 Nf6
21. Qxd8+ Rxd8 22. Ne5 Kg7 23. Nxg6 Nxg6 24. Bxf6+ Kxf6 25. Rfd1 Rg8 26. h3 Nf4
27. Kh2 h5 28. Rg1 Ne2 29. Rge1 Nf4 30. Re4 e5 31. Rg1 hxg4 32. Rxg4 Rh8 33.
Rg3 Kf5 34. Rge3 Rxh3+ 35. Rxh3 Nxh3 36. Re1 Nf4 37. Kg3 b6 38. Re3 Nd5 39. Re1
Nb4 40. a3 Nd3 41. Re2 a5 42. b3 b5 43. Re3 Nc5 44. f3 Ne6 45. Rd3 Nd4 46. Rxd4
exd4 47. Kf2 a4 48. b4 Kf4 49. Ke2 Kg3 50. Kd3 1-0